<?xml version="1.0" encoding="UTF-8"?>
<record
    xmlns:xsi="http://www.w3.org/2001/XMLSchema-instance"
    xsi:schemaLocation="http://www.loc.gov/MARC21/slim http://www.loc.gov/standards/marcxml/schema/MARC21slim.xsd"
    xmlns="http://www.loc.gov/MARC21/slim">

  <leader>03381nam0a2200373   4500</leader>
  <controlfield tag="001">RU\NLR\bibl\1258344</controlfield>
  <controlfield tag="005">20260407185407.0</controlfield>
  <datafield tag="010" ind1=" " ind2=" ">
    <subfield code="a">978-5-7563-0356--8</subfield>
    <subfield code="9">200</subfield>
  </datafield>
  <datafield tag="021" ind1=" " ind2=" ">
    <subfield code="a">RU</subfield>
    <subfield code="b">2008-45014</subfield>
    <subfield code="9">2489</subfield>
  </datafield>
  <datafield tag="035" ind1=" " ind2=" ">
    <subfield code="a">(NLR Aleph) 001244360</subfield>
  </datafield>
  <datafield tag="090" ind1=" " ind2=" ">
    <subfield code="a">279064</subfield>
    <subfield code="c">279064</subfield>
  </datafield>
  <datafield tag="100" ind1=" " ind2=" ">
    <subfield code="a">20080804d2008    |||y0rusy50      ca</subfield>
  </datafield>
  <datafield tag="101" ind1="0" ind2=" ">
    <subfield code="a">rus</subfield>
  </datafield>
  <datafield tag="102" ind1=" " ind2=" ">
    <subfield code="a">RU</subfield>
  </datafield>
  <datafield tag="105" ind1=" " ind2=" ">
    <subfield code="a">a   |||||||||</subfield>
  </datafield>
  <datafield tag="200" ind1="1" ind2=" ">
    <subfield code="a">&#x41E;&#x43F;&#x44B;&#x442; &#x438;&#x43D;&#x43D;&#x43E;&#x432;&#x430;&#x446;&#x438;&#x43E;&#x43D;&#x43D;&#x43E;&#x439; &#x434;&#x435;&#x44F;&#x442;&#x435;&#x43B;&#x44C;&#x43D;&#x43E;&#x441;&#x442;&#x438; &#x43F;&#x435;&#x434;&#x430;&#x433;&#x43E;&#x433;&#x438;&#x447;&#x435;&#x441;&#x43A;&#x43E;&#x433;&#x43E; &#x43A;&#x43E;&#x43B;&#x43B;&#x435;&#x43A;&#x442;&#x438;&#x432;&#x430; &#x418;&#x437;&#x431;&#x43E;&#x440;&#x441;&#x43A;&#x43E;&#x433;&#x43E; &#x43B;&#x438;&#x446;&#x435;&#x44F; &#x438; &#x435;&#x433;&#x43E; &#x441;&#x43E;&#x446;&#x438;&#x430;&#x43B;&#x44C;&#x43D;&#x44B;&#x445; &#x43F;&#x430;&#x440;&#x442;&#x43D;&#x435;&#x440;&#x43E;&#x432;</subfield>
    <subfield code="e">&#x43C;&#x430;&#x442;&#x435;&#x440;&#x438;&#x430;&#x43B;&#x44B; &#x412;&#x441;&#x435;&#x440;&#x43E;&#x441;&#x441;&#x438;&#x439;&#x441;&#x43A;&#x43E;&#x439; &#x43D;&#x430;&#x443;&#x447;&#x43D;&#x43E;-&#x43F;&#x440;&#x430;&#x43A;&#x442;&#x438;&#x447;&#x435;&#x441;&#x43A;&#x43E;&#x439; &#x43A;&#x43E;&#x43D;&#x444;&#x435;&#x440;&#x435;&#x43D;&#x446;&#x438;&#x438; "&#x420;&#x430;&#x437;&#x432;&#x438;&#x442;&#x438;&#x435; &#x438;&#x43D;&#x43D;&#x43E;&#x432;&#x430;&#x446;&#x438;&#x43E;&#x43D;&#x43D;&#x43E;&#x433;&#x43E; &#x43F;&#x43E;&#x442;&#x435;&#x43D;&#x446;&#x438;&#x430;&#x43B;&#x430; &#x441;&#x435;&#x43B;&#x44C;&#x441;&#x43A;&#x43E;&#x439; &#x448;&#x43A;&#x43E;&#x43B;&#x44B;: &#x432;&#x43E;&#x437;&#x43C;&#x43E;&#x436;&#x43D;&#x43E;&#x441;&#x442;&#x438; &#x438; &#x43F;&#x435;&#x440;&#x441;&#x43F;&#x435;&#x43A;&#x442;&#x438;&#x432;&#x44B;. &#x41A;&#x43E;&#x43C;&#x43F;&#x43B;&#x435;&#x43A;&#x441;&#x43D;&#x44B;&#x435; &#x441;&#x435;&#x43B;&#x44C;&#x441;&#x43A;&#x438;&#x435; &#x43E;&#x431;&#x440;&#x430;&#x437;&#x43E;&#x432;&#x430;&#x442;&#x435;&#x43B;&#x44C;&#x43D;&#x44B;&#x435; &#x441;&#x438;&#x441;&#x442;&#x435;&#x43C;&#x44B; &#x43A;&#x430;&#x43A; &#x43F;&#x435;&#x440;&#x441;&#x43F;&#x435;&#x43A;&#x442;&#x438;&#x432;&#x43D;&#x44B;&#x435; &#x43C;&#x43E;&#x434;&#x435;&#x43B;&#x43B;&#x438; &#x434;&#x43B;&#x44F; &#x432;&#x43E;&#x437;&#x440;&#x43E;&#x436;&#x434;&#x435;&#x43D;&#x438;&#x44F; &#x438; &#x440;&#x430;&#x437;&#x432;&#x438;&#x442;&#x438;&#x44F; &#x441;&#x435;&#x43B;&#x44C;&#x441;&#x43A;&#x43E;&#x433;&#x43E; &#x441;&#x43E;&#x446;&#x438;&#x443;&#x43C;&#x430; &#x432; &#x420;&#x43E;&#x441;&#x441;&#x438;&#x438;", (26-27 &#x438;&#x44E;&#x43D;&#x44F;, 2008 &#x433;., &#x41F;&#x441;&#x43A;&#x43E;&#x432; - &#x418;&#x437;&#x431;&#x43E;&#x440;&#x441;&#x43A;, &#x41F;&#x447;&#x43E;&#x440;&#x441;&#x43A;&#x43E;&#x433;&#x43E; &#x440;&#x430;&#x439;&#x43E;&#x43D;&#x430; &#x41F;&#x441;&#x43A;&#x43E;&#x432;&#x441;&#x43A;&#x43E;&#x439; &#x43E;&#x431;&#x43B;&#x430;&#x441;&#x442;&#x438;)</subfield>
    <subfield code="e">&#x441;&#x431;&#x43E;&#x440;&#x43D;&#x438;&#x43A; &#x441;&#x442;&#x430;&#x442;&#x435;&#x439;</subfield>
  </datafield>
  <datafield tag="210" ind1=" " ind2=" ">
    <subfield code="a">&#x41C;&#x43E;&#x441;&#x43A;&#x432;&#x430;</subfield>
    <subfield code="a">&#x41F;&#x441;&#x43A;&#x43E;&#x432;</subfield>
    <subfield code="c">&#x418;&#x441;&#x441;&#x43B;&#x435;&#x434;&#x43E;&#x432;&#x430;&#x442;&#x435;&#x43B;&#x44C;&#x441;&#x43A;&#x438;&#x439; &#x446;&#x435;&#x43D;&#x442;&#x440; &#x43F;&#x440;&#x43E;&#x431;&#x43B;&#x435;&#x43C; &#x43A;&#x430;&#x447;&#x435;&#x441;&#x442;&#x432;&#x430; &#x43F;&#x43E;&#x434;&#x433;&#x43E;&#x442;&#x43E;&#x432;&#x43A;&#x438; &#x441;&#x43F;&#x435;&#x446;&#x438;&#x430;&#x43B;&#x438;&#x441;&#x442;&#x43E;&#x432;</subfield>
    <subfield code="d">2008</subfield>
  </datafield>
  <datafield tag="215" ind1=" " ind2=" ">
    <subfield code="a">107 &#x441;.</subfield>
    <subfield code="c">&#x438;&#x43B;.</subfield>
    <subfield code="d">20</subfield>
  </datafield>
  <datafield tag="300" ind1=" " ind2=" ">
    <subfield code="a">&#x412; &#x43D;&#x430;&#x434;&#x437;&#x430;&#x433;.: &#x41C;-&#x432;&#x43E; &#x43E;&#x431;&#x440;&#x430;&#x437;&#x43E;&#x432;&#x430;&#x43D;&#x438;&#x44F; &#x438; &#x43D;&#x430;&#x443;&#x43A;&#x438; &#x420;&#x43E;&#x441;. &#x424;&#x435;&#x434;&#x435;&#x440;&#x430;&#x446;&#x438;&#x438;, &#x424;&#x435;&#x434;&#x435;&#x440;. &#x430;&#x433;&#x435;&#x43D;&#x442;&#x441;&#x442;&#x432;&#x43E; &#x43F;&#x43E; &#x43E;&#x431;&#x440;&#x430;&#x437;&#x43E;&#x432;&#x430;&#x43D;&#x438;&#x44E;, &#x418;&#x441;&#x441;&#x43B;&#x435;&#x434;. &#x446;&#x435;&#x43D;&#x442;&#x440; &#x43F;&#x440;&#x43E;&#x431;&#x43B;&#x435;&#x43C; &#x43A;&#x430;&#x447;&#x435;&#x441;&#x442;&#x432;&#x430; &#x43F;&#x43E;&#x434;&#x433;&#x43E;&#x442;. &#x441;&#x43F;&#x435;&#x446;&#x438;&#x430;&#x43B;&#x438;&#x441;&#x442;&#x43E;&#x432;, &#x413;&#x43E;&#x441;. &#x442;&#x435;&#x445;&#x43D;&#x43E;&#x43B;. &#x443;&#x43D;-&#x442; "&#x41C;&#x43E;&#x441;&#x43A;. &#x438;&#x43D;-&#x442; &#x441;&#x442;&#x430;&#x43B;&#x438; &#x438; &#x441;&#x43F;&#x43B;&#x430;&#x432;&#x43E;&#x432;" [&#x438; &#x434;&#x440;.]</subfield>
  </datafield>
  <datafield tag="313" ind1=" " ind2=" ">
    <subfield code="a">&#x412; &#x441;&#x431;&#x43E;&#x440;&#x43D;&#x438;&#x43A; &#x432;&#x43A;&#x43E;&#x43B;&#x44E;&#x447;&#x435;&#x43D;&#x44B; &#x441;&#x442;&#x430;&#x442;&#x44C;&#x438; &#x43E; &#x440;&#x430;&#x437;&#x43B;&#x438;&#x447;&#x43D;&#x44B;&#x445; &#x441;&#x440;&#x435;&#x434;&#x43D;&#x438;&#x445; &#x43E;&#x431;&#x440;&#x430;&#x437;&#x43E;&#x432;&#x430;&#x442;&#x435;&#x43B;&#x44C;&#x43D;&#x44B;&#x445; &#x443;&#x447;&#x440;&#x435;&#x436;&#x434;&#x435;&#x43D;&#x438;&#x44F;&#x445; &#x41F;&#x441;&#x43A;&#x43E;&#x432;&#x441;&#x43A;&#x43E;&#x439; &#x43E;&#x431;&#x43B;&#x430;&#x441;&#x442;&#x438;</subfield>
  </datafield>
  <datafield tag="320" ind1=" " ind2=" ">
    <subfield code="a">&#x411;&#x438;&#x431;&#x43B;&#x438;&#x43E;&#x433;&#x440;. &#x432; &#x43A;&#x43E;&#x43D;&#x446;&#x435; &#x441;&#x442;.</subfield>
  </datafield>
  <datafield tag="601" ind1="0" ind2="2">
    <subfield code="a">&#x418;&#x437;&#x431;&#x43E;&#x440;&#x441;&#x43A;&#x438;&#x439; &#x43B;&#x438;&#x446;&#x435;&#x439;</subfield>
    <subfield code="c">&#x41F;&#x441;&#x43A;&#x43E;&#x432;&#x441;&#x43A;&#x430;&#x44F; &#x43E;&#x431;&#x43B;&#x430;&#x441;&#x442;&#x44C;</subfield>
    <subfield code="j">&#x421;&#x44A;&#x435;&#x437;&#x434;&#x44B;, &#x441;&#x43E;&#x432;&#x435;&#x449;&#x430;&#x43D;&#x438;&#x44F; &#x438; &#x442;.&#x43F;.</subfield>
    <subfield code="9">2481916</subfield>
    <subfield code="3">RU\NLR\auth\661473260</subfield>
  </datafield>
  <datafield tag="606" ind1="1" ind2=" ">
    <subfield code="a">&#x421;&#x435;&#x43B;&#x44C;&#x441;&#x43A;&#x438;&#x435; &#x43E;&#x431;&#x440;&#x430;&#x437;&#x43E;&#x432;&#x430;&#x442;&#x435;&#x43B;&#x44C;&#x43D;&#x44B;&#x435; &#x443;&#x447;&#x440;&#x435;&#x436;&#x434;&#x435;&#x43D;&#x438;&#x44F;</subfield>
    <subfield code="j">&#x421;&#x44A;&#x435;&#x437;&#x434;&#x44B;, &#x441;&#x43E;&#x432;&#x435;&#x449;&#x430;&#x43D;&#x438;&#x44F; &#x438; &#x442;.&#x43F;.</subfield>
    <subfield code="x">&#x423;&#x447;&#x435;&#x431;&#x43D;&#x43E;-&#x432;&#x43E;&#x441;&#x43F;&#x438;&#x442;&#x430;&#x442;&#x435;&#x43B;&#x44C;&#x43D;&#x430;&#x44F; &#x440;&#x430;&#x431;&#x43E;&#x442;&#x430;</subfield>
    <subfield code="y">&#x41F;&#x441;&#x43A;&#x43E;&#x432;&#x441;&#x43A;&#x430;&#x44F; &#x43E;&#x431;&#x43B;&#x430;&#x441;&#x442;&#x44C;</subfield>
    <subfield code="9">2532734</subfield>
    <subfield code="3">RU\NLR\auth\661500100</subfield>
  </datafield>
  <datafield tag="686" ind1=" " ind2=" ">
    <subfield code="a">&#x427;421.3&#x44F;431</subfield>
  </datafield>
  <datafield tag="686" ind1=" " ind2=" ">
    <subfield code="a">&#x427;421.2&#x44F;431</subfield>
  </datafield>
  <datafield tag="686" ind1=" " ind2=" ">
    <subfield code="a">&#x427;424(2&#x420;)714.8&#x44F;431</subfield>
  </datafield>
  <datafield tag="711" ind1="1" ind2="2">
    <subfield code="a">"&#x420;&#x430;&#x437;&#x432;&#x438;&#x442;&#x438;&#x435; &#x438;&#x43D;&#x43D;&#x43E;&#x432;&#x430;&#x446;&#x438;&#x43E;&#x43D;&#x43D;&#x43E;&#x433;&#x43E; &#x43F;&#x43E;&#x442;&#x435;&#x43D;&#x446;&#x438;&#x430;&#x43B;&#x430; &#x441;&#x435;&#x43B;&#x44C;&#x441;&#x43A;&#x43E;&#x439; &#x448;&#x43A;&#x43E;&#x43B;&#x44B;: &#x432;&#x43E;&#x437;&#x43C;&#x43E;&#x436;&#x43D;&#x43E;&#x441;&#x442;&#x438; &#x438; &#x43F;&#x435;&#x440;&#x441;&#x43F;&#x435;&#x43A;&#x442;&#x438;&#x432;&#x44B;. &#x41A;&#x43E;&#x43C;&#x43F;&#x43B;&#x435;&#x43A;&#x441;&#x43D;&#x44B;&#x435; &#x441;&#x435;&#x43B;&#x44C;&#x441;&#x43A;&#x438;&#x435; &#x43E;&#x431;&#x440;&#x430;&#x437;&#x43E;&#x432;&#x430;&#x442;&#x435;&#x43B;&#x44C;&#x43D;&#x44B;&#x435; &#x441;&#x438;&#x441;&#x442;&#x435;&#x43C;&#x44B; &#x43A;&#x430;&#x43A; &#x43F;&#x435;&#x440;&#x441;&#x43F;&#x435;&#x43A;&#x442;&#x438;&#x432;&#x43D;&#x44B;&#x435; &#x43C;&#x43E;&#x434;&#x435;&#x43B;&#x438; &#x434;&#x43B;&#x44F; &#x432;&#x43E;&#x437;&#x440;&#x43E;&#x436;&#x434;&#x435;&#x43D;&#x438;&#x44F; &#x438; &#x440;&#x430;&#x437;&#x432;&#x438;&#x442;&#x438;&#x44F; &#x441;&#x435;&#x43B;&#x44C;&#x441;&#x43A;&#x43E;&#x433;&#x43E; &#x441;&#x43E;&#x446;&#x438;&#x443;&#x43C;&#x430; &#x432; &#x420;&#x43E;&#x441;&#x441;&#x438;&#x438;", &#x432;&#x441;&#x435;&#x440;&#x43E;&#x441;&#x441;&#x438;&#x439;&#x441;&#x43A;&#x430;&#x44F; &#x43D;&#x430;&#x443;&#x447;&#x43D;&#x43E;-&#x43F;&#x440;&#x430;&#x43A;&#x442;&#x438;&#x447;&#x435;&#x441;&#x43A;&#x430;&#x44F; &#x43A;&#x43E;&#x43D;&#x444;&#x435;&#x440;&#x435;&#x43D;&#x446;&#x438;&#x44F;</subfield>
    <subfield code="f">2008</subfield>
    <subfield code="e">&#x41F;&#x441;&#x43A;&#x43E;&#x432;/&#x434;. &#x418;&#x437;&#x431;&#x43E;&#x440;&#x441;&#x43A;, &#x41F;&#x441;&#x43A;&#x43E;&#x432;&#x441;&#x43A;&#x430;&#x44F; &#x43E;&#x431;&#x43B;.</subfield>
    <subfield code="3">RU\NLR\AUTH\8810121777</subfield>
    <subfield code="9">741663</subfield>
  </datafield>
  <datafield tag="712" ind1="0" ind2="2">
    <subfield code="4">570</subfield>
    <subfield code="a">&#x418;&#x437;&#x431;&#x43E;&#x440;&#x441;&#x43A;&#x438;&#x439; &#x43B;&#x438;&#x446;&#x435;&#x439;</subfield>
    <subfield code="c">&#x41F;&#x441;&#x43A;&#x43E;&#x432;&#x441;&#x43A;&#x430;&#x44F; &#x43E;&#x431;&#x43B;.</subfield>
    <subfield code="9">741689</subfield>
    <subfield code="3">RU\NLR\AUTH\8810121792</subfield>
  </datafield>
  <datafield tag="801" ind1=" " ind2="0">
    <subfield code="a">RU</subfield>
    <subfield code="b">NLR</subfield>
    <subfield code="c">20080804</subfield>
    <subfield code="g">RCR</subfield>
  </datafield>
  <datafield tag="801" ind1=" " ind2="1">
    <subfield code="a">RU</subfield>
    <subfield code="b">NLR</subfield>
    <subfield code="c">20080804</subfield>
  </datafield>
  <datafield tag="942" ind1=" " ind2=" ">
    <subfield code="c">BOOK</subfield>
  </datafield>
  <datafield tag="980" ind1=" " ind2=" ">
    <subfield code="a">NB</subfield>
  </datafield>
  <datafield tag="995" ind1=" " ind2=" ">
    <subfield code="5">2008-08-04</subfield>
    <subfield code="a">ad</subfield>
    <subfield code="b">NLR01</subfield>
    <subfield code="c">NLR01</subfield>
    <subfield code="e">RF9</subfield>
    <subfield code="f">2727304</subfield>
    <subfield code="k">2008-3/23224</subfield>
    <subfield code="o">0</subfield>
    <subfield code="r">BOOK</subfield>
    <subfield code="s">2008323224_</subfield>
  </datafield>
  <datafield tag="995" ind1=" " ind2=" ">
    <subfield code="5">2008-08-04</subfield>
    <subfield code="a">ad</subfield>
    <subfield code="b">NLR01</subfield>
    <subfield code="c">NLR01</subfield>
    <subfield code="e">RF9</subfield>
    <subfield code="f">2727307</subfield>
    <subfield code="k">2008-3/23224</subfield>
    <subfield code="o">0</subfield>
    <subfield code="r">BOOK</subfield>
    <subfield code="s">2008323224_</subfield>
  </datafield>
</record>
